| Tag |
First Indicator |
Second Indicator |
Subfields |
| LEADER |
00000cam a2200000 a 4500 |
| 001 |
in00000001775 |
| 005 |
20151007050655.0 |
| 008 |
981201s1998 vauab b f000 0 eng d |
| 035 |
|
|
|a (OCoLC)40416694
|
| 035 |
|
|
|9 AJC5938AM
|
| 040 |
|
|
|a GPO
|c GPO
|d DLC
|d MvI
|d UtOrBLW
|
| 043 |
|
|
|a n-ust--
|
| 049 |
|
|
|a UDOC
|
| 074 |
|
|
|a 0621-L
|
| 086 |
0 |
|
|a I 19.127:083-98
|
| 245 |
0 |
0 |
|a Monitoring the water quality of the nation's large rivers :
|b Rio Grande NASQAN Program.
|
| 246 |
3 |
0 |
|a Rio Grande NASQAN Program
|
| 264 |
|
1 |
|a [Reston, Va.] :
|b [U.S. Geological Survey, U.S. Dept. of the Interior],
|c [1998]
|
| 300 |
|
|
|a 4 unnumbered pages :
|b color illustrations, color maps ;
|c 28 cm.
|
| 336 |
|
|
|a text
|b txt
|2 rdacontent
|
| 337 |
|
|
|a unmediated
|b n
|2 rdamedia
|
| 338 |
|
|
|a volume
|b nc
|2 rdacarrier
|
| 490 |
1 |
|
|a USGS Fact sheet ;
|v FS-083-98
|
| 500 |
|
|
|a Caption title.
|
| 500 |
|
|
|a Shipping list number: 99-0036-P.
|
| 504 |
|
|
|a Includes bibliographical references (page [4]).
|
| 651 |
|
0 |
|a Rio Grande Watershed (Colo.-Mexico and Tex.)
|x Environmental conditions.
|
| 650 |
|
0 |
|a Water quality
|z Rio Grande Watershed (Colo.-Mexico and Tex.)
|
| 610 |
2 |
0 |
|a National Stream Quality Accounting Network (U.S.)
|
| 710 |
2 |
|
|a Geological Survey (U.S.)
|
| 830 |
|
0 |
|a Fact sheet (Geological Survey (U.S.)) ;
|v FS-98-083.
|
| 999 |
|
|
|a MARS
|
| 999 |
f |
f |
|s d0b56322-7ab9-3887-befa-a9bdc0198b10
|i 11a17496-e595-3349-b9cf-d9c6b9323cc1
|t 0
|
| 952 |
f |
f |
|p normal
|a Texas A&M University
|b College Station
|c Sterling C. Evans Library
|d Evans: US Documents (Annex 5th floor)
|t 0
|e I 19.127:083-98
|h Superintendent of Documents classification
|i unmediated -- volume
|m A14824400300
|
| 998 |
f |
f |
|a I 19.127:083-98
|t 0
|l Evans: US Documents (Annex 5th floor)
|